Сравнение способов расчёта концентрации в потенциометрии с ионоселективными электродами; Химия и химическая технология в XXI веке

Bibliografske podrobnosti
Parent link:Химия и химическая технология в XXI веке.— 2005.— С. 204-206
Glavni avtor: Францина Е. В. Евгения Владимировна
Drugi avtorji: Шелехова В. А. Вера Александровна (научный руководитель), Захарова Э. А.
Jezik:ruščina
Izdano: 2005
Teme:
Format: MixedMaterials Book Chapter
KOHA link:https://koha.lib.tpu.ru/cgi-bin/koha/opac-detail.pl?biblionumber=138846

MARC

LEADER 00000naa2a2200000 4500
001 138846
005 20231226133705.0
035 |a (RuTPU)RU\TPU\book\150426 
090 |a 138846 
100 |a 20080530d2005 k y0rusy50 ca 
101 0 |a rus 
102 |a RU 
200 1 |a Сравнение способов расчёта концентрации в потенциометрии с ионоселективными электродами  |f Е. В. Францина, В. А. Шелехова  |g науч. рук. Э. А. Захарова 
320 |a Библиогр.: 2 назв. 
463 0 |0 (RuTPU)RU\TPU\book\118373  |t Химия и химическая технология в XXI веке  |o материалы VI Всероссийской студенческой научно-практической конференции, 11-12 мая 2005 г., Томск  |f Томский политехнический университет; под ред. А. А. Бакибаева  |v С. 204-206  |d 2005  |p 352 с. 
610 1 |a электроды 
610 1 |a ионоселективные электроды 
610 1 |a потенциометрия 
610 1 |a концентрация 
610 1 |a труды учёных ТПУ 
700 1 |a Францина  |b Е. В.  |c химик-технолог  |c доцент Томского политехнического университета, кандидат технических наук  |f 1985-  |g Евгения Владимировна  |3 (RuTPU)RU\TPU\pers\25034  |9 11167 
701 1 |a Шелехова  |b В. А.  |c химик  |c лаборант Томского политехнического университета  |g Вера Александровна  |3 (RuTPU)RU\TPU\pers\32500 
702 1 |a Захарова  |b Э. А.  |4 727 
801 1 |a RU  |b 63413507  |c 20080530  |g PSBO 
801 2 |a RU  |b 63413507  |c 20160331  |g RCR 
942 |c BK